[Event "Dundee & Angus op Minor"]
[Site "Dundee"]
[Date "2014.10.10"]
[Round "2"]
[White "McCausland, Gary"]
[Black "Neave, Stuart"]
[Result "1-0"]
[WhiteElo "1090"]
[BlackElo "809"]
[PlyCount "69"]
[EventDate "2014.10.10"]
[EventType "swiss"]
[EventRounds "5"]
[EventCountry "SCO"]
[SourceTitle "EXT 2017"]
[Source "ChessBase"]
[SourceDate "2016.10.25"]
[SourceVersion "1"]
[SourceVersionDate "2016.10.25"]
[SourceQuality "1"]

1. d4 Nf6 2. c4 e5 3. d5 d6 4. Nc3 c6 5. e4 cxd5 6. cxd5 g6 7. h3 Bg7 8. Bd3 Nbd7 9. a3 Nc5 10. Bc2 Bd7 11. b4 Na6 12. Be3 Rc8 13. Nge2 b6 14. Bd3 Nc7 15. Qd2 0-0 16. 0-0 Rb8 17. Rac1 Qc8 18. Kh2 Bxh3 19. gxh3 Ng4+ 20. hxg4 Qxg4 21. Ng3 h5 22. Qe2 Qh4+ 23. Kg2 Ne8 24. Rh1 Qe7 25. Qd2 h4 26. Bg5 Bf6 27. Bxf6 Qxf6 28. Qh6 g5 29. Qxf6 Nxf6 30. Nf5 Nh5 31. Kf3 Nf4 32. Bf1 Rbd8 33. Ne2 f6 34. Nxf4 exf4 35. Rc7 1-0